000 00695nam a2200265Ia 4500
003 OSt
005 20220918175033.0
006 a|||||r|||| 00| 0
007 ta
008 220917b |||||||| |||| 00| 0 eng d
024 _a15,307
037 _cTextual
040 _aARTS
_cARTS
_beng
041 _2eng
_aeng
082 _aO111:g, L0
100 _aDipple Elizabeth
_916687
245 0 _aPlot
260 _aLondon
_bMethuen
_c1970
300 _aviii,78p.
_ccm.
490 _aCritical idiom ed by John d Jump; 12
500 _aBibliography 68-74
650 _aENGLISH LITERATURE
942 _hO111:g, L0
_cTEXL
_2CC
999 _c155730
_d155730